000 00798nam a2200193 a 4500
001 000030453
005 20200930062324.0
008 110517s1996 dr 000 0 spa d
040 _aDO-SdBNP
_bspa
_cBNPHU
082 _axxx
_bR426f
110 1 _aRepública Dominicana
_bForeingn ley de inversiones
_957088
245 1 0 _aForeingn investment law of the Dominican Republic /
_ctranslation ; Russin Vecchi & Heredia Bonetti.
260 _aSanto Domingo :
_bCentral Bank of the Dominican Republic,
_c1996.
300 _a26 p. ;
_c22 cm.
505 0 _aForeing investment law of the Dominican Republic /
_tRegulation for the aplication of law No. 16-95 on foreign investment in the Dominican Republic.
700 1 _aVecchi, Russin
_etr.
_914562
700 1 _aBonetti, Heredia
_etr.
_914566
049 _aBNPD
999 _c29945
_d29945